[Event "XtraCon-Skakligaen"]
[Site "Denmark"]
[Date "2011.02.20"]
[Round "7.8"]
[White "Pedersen, Karl"]
[Black "Rewitz, Poul"]
[Result "1-0"]
[WhiteElo "2254"]
[BlackElo "2296"]
[PlyCount "71"]
[EventDate "2010.11.06"]
[EventType "team-tourn"]
[EventRounds "9"]
[WhiteTeam "Nordre"]
[BlackTeam "Aarhus/Skolerne"]
[WhiteTeamCountry "DEN"]
[BlackTeamCountry "DEN"]

1. g3 g6 2. Bg2 Bg7 3. e4 c5 4. Ne2 Nc6 5. c3 d6 6. O-O h5 7. h3 e5 8. d3 Nge7
9. Be3 h4 10. g4 f5 11. f3 b6 12. d4 f4 13. Bf2 g5 14. Re1 Bf6 15. Na3 Ba6 16.
d5 Nb8 17. b4 Nc8 18. Bf1 Rh7 19. Qb3 Rc7 20. Nc1 Bxf1 21. Rxf1 a6 22. Rd1 Nd7
23. Nd3 b5 24. c4 cxb4 25. Nxb4 Nc5 26. Bxc5 Rxc5 27. Nd3 Rc7 28. cxb5 Rb8 29.
Nb4 Rcb7 30. Nxa6 Ra8 31. Qd3 Qa5 32. Rdb1 Bd8 33. Nc4 Bb6+ 34. Kh1 Qa4 35. Rb4
Rxa6 36. bxa6 1-0

[Event "XtraCon-Skakligaen"]
[Site "Denmark"]
[Date "2011.02.20"]
[Round "7.1"]
[White "Matthiesen, Arne"]
[Black "Aagaard, Jacob"]
[Result "1/2-1/2"]
[WhiteElo "2315"]
[BlackElo "2534"]
[PlyCount "48"]
[EventDate "2010.11.06"]
[EventType "team-tourn"]
[EventRounds "9"]
[WhiteTeam "SK1968"]
[BlackTeam "Sydostfyn"]
[WhiteTeamCountry "DEN"]
[BlackTeamCountry "DEN"]

1. d4 Nf6 2. c4 e6 3. g3 d5 4. Bg2 Bb4+ 5. Bd2 Bd6 6. Nf3 c6 7. O-O Nbd7 8. Qc2
O-O 9. Nc3 dxc4 10. Bg5 h6 11. Bxf6 Qxf6 12. Ne4 Qe7 13. Nxd6 Qxd6 14. Qxc4 e5
15. Rad1 e4 16. Nd2 Nb6 17. Qc5 Qe6 18. Nxe4 Qxa2 19. Rd2 Be6 20. b4 Qb3 21.
Rd3 Qb2 22. Rd2 Qb3 23. Rd3 Qb2 24. Rd2 Qb3 1/2-1/2

[Event "XtraCon-Skakligaen"]
[Site "Denmark"]
[Date "2011.02.20"]
[Round "7.2"]
[White "Schandorff, Lars"]
[Black "Matthiesen, Martin"]
[Result "1-0"]
[WhiteElo "2488"]
[BlackElo "2271"]
[PlyCount "85"]
[EventDate "2010.11.06"]
[EventType "team-tourn"]
[EventRounds "9"]
[WhiteTeam "Sydostfyn"]
[BlackTeam "SK1968"]
[WhiteTeamCountry "DEN"]
[BlackTeamCountry "DEN"]

1. d4 Nf6 2. c4 e6 3. Nf3 d5 4. Nc3 Be7 5. Bg5 O-O 6. e3 h6 7. Bh4 b6 8. Be2
Bb7 9. Bxf6 Bxf6 10. cxd5 exd5 11. b4 c6 12. O-O Nd7 13. Qb3 Re8 14. Rfd1 Nf8
15. a4 Ne6 16. Bf1 Qd6 17. a5 Rac8 18. axb6 axb6 19. Ba6 Qb8 20. Bxb7 Qxb7 21.
b5 Nc7 22. Rdb1 Red8 23. bxc6 Qxc6 24. Rc1 b5 25. g3 Qb7 26. Ne1 Rb8 27. Na2
Be7 28. Nb4 Bxb4 29. Qxb4 Ne6 30. Nd3 Rdc8 31. Rxc8+ Qxc8 32. Rc1 Qd7 33. Ne5
Qb7 34. Nc6 Ra8 35. Qd6 Ra6 36. Qe7 Qa8 37. Qd7 Kh8 38. Ne5 Ra1 39. Rxa1 Qxa1+
40. Kg2 Qa6 41. Qxf7 b4 42. Ng6+ Kh7 43. Ne7 1-0

[Event "XtraCon-Skakligaen"]
[Site "Denmark"]
[Date "2011.02.20"]
[Round "7.4"]
[White "Pedersen, Steffen"]
[Black "Bank, Pelle Rodkjaer"]
[Result "1-0"]
[WhiteElo "2417"]
[BlackElo "2245"]
[PlyCount "69"]
[EventDate "2010.11.06"]
[EventType "team-tourn"]
[EventRounds "9"]
[WhiteTeam "Sydostfyn"]
[BlackTeam "SK1968"]
[WhiteTeamCountry "DEN"]
[BlackTeamCountry "DEN"]

1. d4 g6 2. c4 Bg7 3. e4 c5 4. d5 d6 5. Bd3 Nf6 6. h3 b5 7. cxb5 a6 8. bxa6 O-O
9. Nf3 Bxa6 10. Nc3 Qb6 11. O-O Bxd3 12. Qxd3 Na6 13. Qe2 Nb4 14. Bg5 Qa6 15.
Qd2 Rfb8 16. Rfd1 c4 17. e5 dxe5 18. Nxe5 Rd8 19. Qf4 Rac8 20. a3 Nd3 21. Nxd3
cxd3 22. Qf3 Qb7 23. Rxd3 Nd7 24. Qe2 Ne5 25. Rdd1 h6 26. Bf4 Nc4 27. Rab1 Qb3
28. Qxe7 Nxb2 29. Ne4 Qa4 30. Rdc1 Kh8 31. Rxc8 Rxc8 32. Be5 Re8 33. Bxg7+ Kxg7
34. Qf6+ Kg8 35. Nd6 1-0

[Event "XtraCon-Skakligaen"]
[Site "Denmark"]
[Date "2011.02.20"]
[Round "7.5"]
[White "Lindfeldt, Jan Magnus"]
[Black "Borbjerggaard, Lars"]
[Result "1/2-1/2"]
[WhiteElo "2225"]
[BlackElo "2338"]
[PlyCount "53"]
[EventDate "2010.11.06"]
[EventType "team-tourn"]
[EventRounds "9"]
[WhiteTeam "SK1968"]
[BlackTeam "Sydostfyn"]
[WhiteTeamCountry "DEN"]
[BlackTeamCountry "DEN"]

1. e4 d5 2. exd5 Nf6 3. Nf3 Nxd5 4. d4 g6 5. c4 Nb6 6. Nc3 Bg7 7. c5 Nd5 8. Bc4
c6 9. O-O O-O 10. Re1 Bg4 11. Bg5 Nf6 12. d5 h6 13. Bh4 g5 14. Bg3 cxd5 15.
Nxd5 Nxd5 16. Bxd5 Nc6 17. Bxc6 bxc6 18. Qxd8 Rfxd8 19. Rxe7 Bxb2 20. Rae1 Be6
21. h4 gxh4 22. Nxh4 Rd5 23. Rc7 Rxc5 24. Ng6 Ra5 25. Rxe6 fxe6 26. Ne7+ Kh8
27. Ng6+ 1/2-1/2

[Event "XtraCon-Skakligaen"]
[Site "Denmark"]
[Date "2011.02.20"]
[Round "7.6"]
[White "Nordenbaek, Jan"]
[Black "Andersen, Lars Ren"]
[Result "1/2-1/2"]
[WhiteElo "2271"]
[BlackElo "2132"]
[PlyCount "24"]
[EventDate "2010.11.06"]
[EventType "team-tourn"]
[EventRounds "9"]
[WhiteTeam "Sydostfyn"]
[BlackTeam "SK1968"]
[WhiteTeamCountry "DEN"]
[BlackTeamCountry "DEN"]

1. Nf3 d5 2. d4 c6 3. c4 Nf6 4. Nc3 a6 5. g3 dxc4 6. Ne5 b5 7. Bg2 Bb7 8. a4 e6
9. O-O Qb6 10. e4 Be7 11. Be3 Qc7 12. Qe2 O-O 1/2-1/2

[Event "XtraCon-Skakligaen"]
[Site "Denmark"]
[Date "2011.02.20"]
[Round "7.7"]
[White "Christensen, Thomas"]
[Black "Nohr, Finn"]
[Result "1/2-1/2"]
[WhiteElo "2260"]
[BlackElo "2102"]
[PlyCount "57"]
[EventDate "2010.11.06"]
[EventType "team-tourn"]
[EventRounds "9"]
[WhiteTeam "SK1968"]
[BlackTeam "Sydostfyn"]
[WhiteTeamCountry "DEN"]
[BlackTeamCountry "DEN"]

1. d4 d5 2. c4 c6 3. Nf3 Nf6 4. e3 e6 5. Nbd2 Nbd7 6. Be2 Be7 7. O-O O-O 8. b3
b6 9. Ne5 Nxe5 10. dxe5 Nd7 11. Bb2 f6 12. exf6 Bxf6 13. Qc2 Bb7 14. Rad1 Qe7
15. e4 d4 16. f4 e5 17. g3 c5 18. Bd3 g6 19. Bc1 Rae8 20. Rde1 Bg7 21. f5 Bh6
22. fxg6 hxg6 23. Nf3 Bxc1 24. Qxc1 Kg7 25. Nh4 Rxf1+ 26. Rxf1 Rf8 27. Rxf8
Nxf8 28. h3 Nh7 29. Nf3 1/2-1/2

[Event "XtraCon-Skakligaen"]
[Site "Denmark"]
[Date "2011.02.20"]
[Round "7.8"]
[White "Nielsen, Niels Peter"]
[Black "Hansen, Bjarne"]
[Result "1/2-1/2"]
[WhiteElo "2152"]
[BlackElo "2238"]
[PlyCount "82"]
[EventDate "2010.11.06"]
[EventType "team-tourn"]
[EventRounds "9"]
[WhiteTeam "Sydostfyn"]
[BlackTeam "SK1968"]
[WhiteTeamCountry "DEN"]
[BlackTeamCountry "DEN"]

1. e4 Nf6 2. Nc3 d5 3. e5 d4 4. exf6 dxc3 5. fxg7 cxd2+ 6. Qxd2 Qxd2+ 7. Bxd2
Bxg7 8. O-O-O O-O 9. Bd3 Nd7 10. Ne2 Nc5 11. Bc3 e5 12. Ng3 Nxd3+ 13. Rxd3 f6
14. Nh5 Bh6+ 15. Bd2 Bxd2+ 16. Rxd2 Bg4 17. Ng3 Rad8 18. f3 Rxd2 19. Kxd2 Be6
20. Rd1 Rd8+ 21. Kc1 Rxd1+ 22. Kxd1 Kf7 23. a3 Kg6 24. Ke2 f5 25. Kf2 b6 26.
Ne2 f4 27. g3 fxg3+ 28. hxg3 Bf5 29. c3 Kf6 30. Ke3 Bd7 31. f4 Ke6 32. fxe5
Kxe5 33. Nf4 Bf5 34. Ne2 c5 35. Nf4 Bc2 36. Kd2 Bb3 37. Ke3 Bc4 38. Ng2 Kf5 39.
Nf4 Bf7 40. Nd3 h5 41. Nf2 Bd5 1/2-1/2

[Event "XtraCon-Skakligaen"]
[Site "Denmark"]
[Date "2011.03.12"]
[Round "8.1"]
[White "Bekker Jensen, Simon"]
[Black "Rasmussen, Karsten"]
[Result "1-0"]
[WhiteElo "2397"]
[BlackElo "2451"]
[PlyCount "93"]
[EventDate "2010.11.06"]
[EventType "team-tourn"]
[EventRounds "9"]
[WhiteTeam "Bronshoj"]
[BlackTeam "Aarhus/Skolerne"]
[WhiteTeamCountry "DEN"]
[BlackTeamCountry "DEN"]

1. d4 d5 2. c4 c6 3. Nf3 Nf6 4. Nc3 e6 5. Bg5 h6 6. Bxf6 Qxf6 7. e3 Nd7 8. a3
g6 9. b4 Bg7 10. cxd5 exd5 11. Bd3 O-O 12. O-O Qd6 13. Qb3 Nb6 14. h3 Be6 15.
Nd2 Nd7 16. Rac1 a5 17. Na4 b5 18. Nc5 axb4 19. axb4 Nb6 20. Ra1 Nc4 21. Bxc4
dxc4 22. Qc3 f5 23. Nf3 g5 24. Ne5 Rxa1 25. Rxa1 g4 26. Ng6 Re8 27. Nf4 Bf7 28.
Ra7 g3 29. Rd7 gxf2+ 30. Kxf2 Qf6 31. Qa1 Rd8 32. Qa7 Rxd7 33. Qxd7 Bf8 34. Qa7
Qd6 35. Ke2 h5 36. Qa8 Kh7 37. Qc8 Bg6 38. Nce6 Be7 39. Nxg6 Kxg6 40. Nf4+ Kf7
41. Qxf5+ Ke8 42. Qxh5+ Kd8 43. Qc5 Qf6 44. Qb6+ Kd7 45. d5 Bxb4 46. Qb7+ Kd8
47. dxc6 1-0

[Event "XtraCon-Skakligaen"]
[Site "Denmark"]
[Date "2011.03.12"]
[Round "8.2"]
[White "Skytte, Rasmus"]
[Black "Hoi, Carsten"]
[Result "1/2-1/2"]
[WhiteElo "2409"]
[BlackElo "2413"]
[PlyCount "26"]
[EventDate "2010.11.06"]
[EventType "team-tourn"]
[EventRounds "9"]
[WhiteTeam "Aarhus/Skolerne"]
[BlackTeam "Bronshoj"]
[WhiteTeamCountry "DEN"]
[BlackTeamCountry "DEN"]

1. d4 Nf6 2. Nf3 d6 3. Bg5 g6 4. Nc3 Bg7 5. h3 O-O 6. Qd2 c6 7. e4 Nbd7 8. e5
dxe5 9. dxe5 Nd5 10. Nxd5 cxd5 11. Bh6 Qc7 12. Bxg7 Kxg7 13. O-O-O Nxe5 1/2-1/2

[Event "XtraCon-Skakligaen"]
[Site "Denmark"]
[Date "2011.03.12"]
[Round "8.3"]
[White "Pilgaard, Kim"]
[Black "Sorensen, Jan"]
[Result "1/2-1/2"]
[WhiteElo "2431"]
[BlackElo "2411"]
[PlyCount "73"]
[EventDate "2010.11.06"]
[EventType "team-tourn"]
[EventRounds "9"]
[WhiteTeam "Bronshoj"]
[BlackTeam "Aarhus/Skolerne"]
[WhiteTeamCountry "DEN"]
[BlackTeamCountry "DEN"]

1. e4 e6 2. d4 d5 3. Nc3 Bb4 4. e5 Ne7 5. a3 Bxc3+ 6. bxc3 c5 7. Qg4 cxd4 8.
Qxg7 Rg8 9. Qxh7 Qc7 10. Ne2 Nbc6 11. f4 dxc3 12. Qd3 Bd7 13. Nxc3 a6 14. Ne2
Rc8 15. h4 Nf5 16. h5 Na5 17. h6 Bb5 18. h7 Rh8 19. Qd2 Qxc2 20. Rh3 Bxe2 21.
Bxe2 Nb3 22. Qxc2 Rxc2 23. Rxb3 Rxe2+ 24. Kxe2 Nd4+ 25. Kf2 Nxb3 26. Rb1 Nc5
27. Be3 Ne4+ 28. Kf3 b5 29. a4 Rxh7 30. axb5 axb5 31. Rxb5 Rh1 32. Rb8+ Ke7 33.
Ke2 Ng3+ 34. Kf3 Ne4 35. Ke2 Ng3+ 36. Kf3 Ne4 37. Ke2 1/2-1/2

[Event "XtraCon-Skakligaen"]
[Site "Denmark"]
[Date "2011.03.12"]
[Round "8.4"]
[White "Rendboe, John Filip"]
[Black "Bromann, Thorbjorn"]
[Result "1/2-1/2"]
[WhiteElo "2280"]
[BlackElo "2433"]
[PlyCount "38"]
[EventDate "2010.11.06"]
[EventType "team-tourn"]
[EventRounds "9"]
[WhiteTeam "Aarhus/Skolerne"]
[BlackTeam "Bronshoj"]
[WhiteTeamCountry "DEN"]
[BlackTeamCountry "DEN"]

1. d4 e6 2. c4 Bb4+ 3. Bd2 Qe7 4. e3 f5 5. a3 Bxd2+ 6. Qxd2 Nf6 7. Nc3 O-O 8.
Nf3 d6 9. Be2 Ne4 10. Qc2 Nxc3 11. Qxc3 Nd7 12. O-O Nf6 13. b4 b6 14. Nd2 e5
15. dxe5 dxe5 16. c5 Kh8 17. Rac1 Nd5 18. Qc2 e4 19. Rfd1 Be6 1/2-1/2

[Event "XtraCon-Skakligaen"]
[Site "Denmark"]
[Date "2011.03.12"]
[Round "8.5"]
[White "Bekker Jensen, David"]
[Black "Pedersen, Finn"]
[Result "1-0"]
[WhiteElo "2335"]
[BlackElo "2303"]
[PlyCount "93"]
[EventDate "2010.11.06"]
[EventType "team-tourn"]
[EventRounds "9"]
[WhiteTeam "Bronshoj"]
[BlackTeam "Aarhus/Skolerne"]
[WhiteTeamCountry "DEN"]
[BlackTeamCountry "DEN"]

1. d4 d5 2. c4 c6 3. Nc3 dxc4 4. e4 e5 5. Nf3 exd4 6. Qxd4 Qxd4 7. Nxd4 b5 8.
a4 b4 9. Nd1 Nf6 10. Bxc4 Nxe4 11. O-O Be7 12. Re1 Nd6 13. Bb3 Nf5 14. Nxf5
Bxf5 15. Bg5 f6 16. Bf4 Kf8 17. Ne3 Bg6 18. Rad1 Na6 19. Nc4 Re8 20. Rd7 Nc5
21. Rdxe7 Rxe7 22. Bd6 Nxb3 23. Rxe7 Kg8 24. Rxa7 h5 25. Ra8+ Kh7 26. Rxh8+
Kxh8 27. a5 c5 28. a6 Be4 29. Nb6 Kg8 30. f3 Bc6 31. a7 Kf7 32. a8=Q Bxa8 33.
Nxa8 Ke6 34. Bf8 Kf7 35. Bd6 Ke6 36. Bg3 Kd5 37. Kf2 Kc4 38. Nb6+ Kd3 39. Bd6
Kd4 40. Bf8 Nc1 41. Bxg7 c4 42. Bxf6+ Kd3 43. g4 hxg4 44. fxg4 c3 45. bxc3 b3
46. c4 Ne2 47. Na4 1-0

[Event "XtraCon-Skakligaen"]
[Site "Denmark"]
[Date "2011.03.12"]
[Round "8.6"]
[White "Jacobsen, Bo"]
[Black "Aabling Thomsen, Jakob"]
[Result "1-0"]
[WhiteElo "2317"]
[BlackElo "2330"]
[PlyCount "72"]
[EventDate "2010.11.06"]
[EventType "team-tourn"]
[EventRounds "9"]
[WhiteTeam "Aarhus/Skolerne"]
[BlackTeam "Bronshoj"]
[WhiteTeamCountry "DEN"]
[BlackTeamCountry "DEN"]

1. c4 e5 2. g3 Nf6 3. Bg2 Nc6 4. Nc3 Bb4 5. Nd5 Bc5 6. Nf3 d6 7. d3 Nxd5 8.
cxd5 Ne7 9. d4 exd4 10. Nxd4 O-O 11. O-O Re8 12. e4 Ng6 13. b3 Bg4 14. f3 Bd7
15. Bb2 a5 16. a3 c6 17. dxc6 bxc6 18. Kh1 Qb6 19. f4 Rab8 20. Rb1 d5 21. exd5
cxd5 22. Qd2 Ne7 23. f5 Nc6 24. Nc2 d4 25. f6 g6 26. Ba1 Red8 27. b4 axb4 28.
axb4 Bf8 29. b5 d3 30. Ne3 Na7 31. Nd5 Qd6 32. Bc3 Qe6 33. Rbe1 Qg4 34. Re4 Qh5
35. Ne7+ Kh8 36. Qa2 Be8 1-0

[Event "XtraCon-Skakligaen"]
[Site "Denmark"]
[Date "2011.03.12"]
[Round "8.7"]
[White "Palm, Nikolaj"]
[Black "Rewitz, Poul"]
[Result "1-0"]
[WhiteElo "2275"]
[BlackElo "2296"]
[PlyCount "71"]
[EventDate "2010.11.06"]
[EventType "team-tourn"]
[EventRounds "9"]
[WhiteTeam "Bronshoj"]
[BlackTeam "Aarhus/Skolerne"]
[WhiteTeamCountry "DEN"]
[BlackTeamCountry "DEN"]

1. d4 d5 2. Nf3 Nf6 3. c4 c6 4. cxd5 cxd5 5. Nc3 e6 6. a3 Be7 7. Bg5 h6 8. Bh4
b6 9. e3 Bb7 10. Bd3 Nbd7 11. O-O O-O 12. Rc1 Rc8 13. Nd2 e5 14. Bg3 e4 15. Be2
a6 16. b4 a5 17. Qb3 Ra8 18. Na4 Ne8 19. Bb5 Ba6 20. Bxa6 Rxa6 21. b5 Ra8 22.
Rc6 Kh8 23. Qxd5 Bxa3 24. Nxe4 f5 25. Nd2 Bb4 26. Nc4 Ndf6 27. Qxd8 Rxd8 28.
Naxb6 Ne4 29. Ra1 Bc3 30. Rc1 Bb4 31. Na4 Rd5 32. b6 Rb5 33. Be5 N8f6 34. f3
Nd2 35. Nd6 Nd5 36. Nxb5 1-0

[Event "XtraCon-Skakligaen"]
[Site "Denmark"]
[Date "2011.03.12"]
[Round "8.8"]
[White "Hagen, Kresten Skytte"]
[Black "Petersen, Steen"]
[Result "1-0"]
[WhiteElo "2169"]
[BlackElo "2164"]
[PlyCount "103"]
[EventDate "2010.11.06"]
[EventType "team-tourn"]
[EventRounds "9"]
[WhiteTeam "Aarhus/Skolerne"]
[BlackTeam "Bronshoj"]
[WhiteTeamCountry "DEN"]
[BlackTeamCountry "DEN"]

1. Nf3 Nf6 2. c4 g6 3. Nc3 Bg7 4. e4 d6 5. d4 O-O 6. Be2 e5 7. O-O Nc6 8. d5
Ne7 9. b4 a5 10. Ba3 axb4 11. Bxb4 b6 12. a4 Ne8 13. Ne1 f5 14. f3 Kh8 15. Nb5
Ng8 16. a5 bxa5 17. Rxa5 Rb8 18. Na7 Bd7 19. Bc3 fxe4 20. fxe4 Rxf1+ 21. Bxf1
Qh4 22. Bd3 Bh6 23. Bd2 Bg4 24. Qc1 Bxd2 25. Qxd2 Ngf6 26. Nb5 Bd7 27. Nf3 Qf4
28. Qxf4 exf4 29. Nbd4 Ng4 30. c5 dxc5 31. Rxc5 Rb2 32. Ne2 Ba4 33. Rc1 Ne3 34.
Nxf4 Bd1 35. Rb1 Rxb1 36. Bxb1 Bc2 37. Bxc2 Nxc2 38. Ne6 h6 39. Nh4 g5 40. Nf5
Kh7 41. Kf2 Kg6 42. Ke2 Nb4 43. Nfd4 Nd6 44. Kf3 Nd3 45. Nc6 Ne8 46. Ke2 Nb2
47. Ke3 Nd1+ 48. Kd4 Kf6 49. e5+ Kf7 50. Nb4 Nf2 51. Na6 c5+ 52. Naxc5 1-0

[Event "XtraCon-Skakligaen"]
[Site "Denmark"]
[Date "2011.03.12"]
[Round "8.1"]
[White "Aagaard, Jacob"]
[Black "Rasmussen, Allan Stig"]
[Result "1/2-1/2"]
[WhiteElo "2534"]
[BlackElo "2538"]
[PlyCount "31"]
[EventDate "2010.11.06"]
[EventType "team-tourn"]
[EventRounds "9"]
[WhiteTeam "Sydostfyn"]
[BlackTeam "Jetsmark"]
[WhiteTeamCountry "DEN"]
[BlackTeamCountry "DEN"]

1. e4 c5 2. Nf3 e6 3. c3 Nf6 4. e5 Nd5 5. d4 cxd4 6. cxd4 d6 7. Bc4 Nb6 8. Bd3
Nc6 9. a3 Be7 10. O-O dxe5 11. dxe5 Nd7 12. Bb5 a6 13. Bxc6 bxc6 14. Nbd2 c5
15. Nc4 Bb7 16. Bg5 1/2-1/2

[Event "XtraCon-Skakligaen"]
[Site "Denmark"]
[Date "2011.03.12"]
[Round "8.2"]
[White "Pedersen, Christian Kyndel"]
[Black "Schandorff, Lars"]
[Result "0-1"]
[WhiteElo "2435"]
[BlackElo "2488"]
[PlyCount "88"]
[EventDate "2010.11.06"]
[EventType "team-tourn"]
[EventRounds "9"]
[WhiteTeam "Jetsmark"]
[BlackTeam "Sydostfyn"]
[WhiteTeamCountry "DEN"]
[BlackTeamCountry "DEN"]

1. e4 c6 2. d4 d5 3. Nc3 dxe4 4. Nxe4 Bf5 5. Ng3 Bg6 6. h4 h6 7. Nf3 Nd7 8. h5
Bh7 9. Bd3 Bxd3 10. Qxd3 e6 11. Bf4 Qa5+ 12. Bd2 Bb4 13. c3 Be7 14. c4 Qc7 15.
O-O-O Ngf6 16. Kb1 O-O 17. Qe2 a5 18. Ne4 Rad8 19. g4 Nxg4 20. Rdg1 f5 21. Nc3
e5 22. dxe5 Nc5 23. Nh4 Bxh4 24. Rxh4 Qd7 25. Kc2 Ne6 26. Be3 Nxe3+ 27. fxe3
Qc7 28. Qh2 Ng5 29. Rf1 Rde8 30. Rd4 Qxe5 31. Qxe5 Rxe5 32. Rd7 Rf7 33. Rxf7
Kxf7 34. Kd3 Kf6 35. Rg1 Re7 36. Ne2 Rd7+ 37. Kc2 Nf3 38. Rg6+ Kf7 39. Kc3 Re7
40. Ng3 Rxe3+ 41. Kc2 Nd4+ 42. Kd2 f4 43. Nf1 Nf3+ 44. Kc2 Re1 0-1

[Event "XtraCon-Skakligaen"]
[Site "Denmark"]
[Date "2011.03.12"]
[Round "8.3"]
[White "Brunello, Sabino"]
[Black "Glud, Jakob Vang"]
[Result "1/2-1/2"]
[WhiteElo "2544"]
[BlackElo "2474"]
[PlyCount "57"]
[EventDate "2010.11.06"]
[EventType "team-tourn"]
[EventRounds "9"]
[WhiteTeam "Sydostfyn"]
[BlackTeam "Jetsmark"]
[WhiteTeamCountry "DEN"]
[BlackTeamCountry "DEN"]

1. Nf3 d5 2. g3 c6 3. Bg2 Bf5 4. c4 e6 5. cxd5 exd5 6. O-O Nf6 7. d3 Be7 8.
Nbd2 O-O 9. Qc2 h6 10. e4 Bh7 11. e5 Nfd7 12. Nb3 Na6 13. Qe2 Nac5 14. Nxc5
Nxc5 15. Ne1 Qa5 16. Qd1 Qb5 17. d4 Ne6 18. b3 Rad8 19. Bb2 c5 20. f4 Nxd4 21.
Bxd4 cxd4 22. f5 Bg5 23. Qxd4 Qe2 24. Kh1 Rfe8 25. Nf3 Be3 26. Qg4 Qd3 27. f6
g5 28. Qb4 Be4 29. Qxb7 1/2-1/2

[Event "XtraCon-Skakligaen"]
[Site "Denmark"]
[Date "2011.03.12"]
[Round "8.4"]
[White "Christensen, Stefan"]
[Black "Shaw, John"]
[Result "1-0"]
[WhiteElo "2262"]
[BlackElo "2439"]
[PlyCount "111"]
[EventDate "2010.11.06"]
[EventType "team-tourn"]
[EventRounds "9"]
[WhiteTeam "Jetsmark"]
[BlackTeam "Sydostfyn"]
[WhiteTeamCountry "DEN"]
[BlackTeamCountry "DEN"]

1. e4 d6 2. d4 Nf6 3. Nc3 e5 4. Nge2 Be7 5. g3 c6 6. a4 O-O 7. Bg2 a5 8. O-O
Na6 9. h3 h5 10. Be3 Nb4 11. f4 Qc7 12. Rc1 Be6 13. b3 Rfe8 14. Qe1 Qc8 15. Kh2
Bxb3 16. cxb3 Nd3 17. Qd2 Nxc1 18. Qxc1 Nd7 19. Bf3 g6 20. dxe5 dxe5 21. f5 Nf6
22. Bg5 Nh7 23. Be3 Nf6 24. g4 gxf5 25. gxf5 Kh7 26. Ng3 h4 27. Nh5 Rg8 28. Qe1
Qf8 29. Qxh4 Ng4+ 30. Qxg4 Rxg4 31. hxg4 f6 32. Be2 Bc5 33. Bxc5 Qxc5 34. Nxf6+
Kh6 35. Rf3 Rh8 36. Nh5 Kg5 37. Kg2 Rf8 38. Nd1 Qc2 39. Re3 Rd8 40. Nf2 Rd2 41.
Ng3 b5 42. Nh3+ Kf6 43. g5+ Kg7 44. f6+ Kg6 45. Rf3 Rxe2+ 46. Nxe2 Qxe2+ 47.
Nf2 Kf7 48. g6+ Kxg6 49. f7 Qxf3+ 50. Kxf3 Kxf7 51. Nd3 Ke6 52. Nc5+ Kd6 53.
Nb7+ Kc7 54. Nxa5 Kb6 55. Nxc6 Kxc6 56. axb5+ 1-0

[Event "XtraCon-Skakligaen"]
[Site "Denmark"]
[Date "2011.03.12"]
[Round "8.5"]
[White "Pedersen, Steffen"]
[Black "Wiwe, Andreas"]
[Result "1-0"]
[WhiteElo "2417"]
[BlackElo "2255"]
[PlyCount "39"]
[EventDate "2010.11.06"]
[EventType "team-tourn"]
[EventRounds "9"]
[WhiteTeam "Sydostfyn"]
[BlackTeam "Jetsmark"]
[WhiteTeamCountry "DEN"]
[BlackTeamCountry "DEN"]

1. d4 d5 2. c4 dxc4 3. Nf3 Nf6 4. e3 e6 5. Bxc4 c5 6. O-O a6 7. Nc3 b5 8. Bb3
Bb7 9. e4 Nxe4 10. Nxe4 Bxe4 11. Re1 Bd5 12. dxc5 Bxb3 13. Qxb3 Bxc5 14. Ng5
Ra7 15. Bf4 Nc6 16. Rxe6+ fxe6 17. Qxe6+ Qe7 18. Qxc6+ Rd7 19. Rd1 Bd6 20. Bxd6
1-0

[Event "XtraCon-Skakligaen"]
[Site "Denmark"]
[Date "2011.03.12"]
[Round "8.6"]
[White "Baekgaard, Martin"]
[Black "Sorensen, Torben N"]
[Result "1-0"]
[WhiteElo "2263"]
[BlackElo "2403"]
[PlyCount "57"]
[EventDate "2010.11.06"]
[EventType "team-tourn"]
[EventRounds "9"]
[WhiteTeam "Jetsmark"]
[BlackTeam "Sydostfyn"]
[WhiteTeamCountry "DEN"]
[BlackTeamCountry "DEN"]

1. d4 d5 2. c4 c6 3. Nf3 Nf6 4. Qb3 e6 5. Nc3 Nbd7 6. Bg5 Be7 7. e3 O-O 8. Rd1
h6 9. Bh4 a5 10. a4 Re8 11. Bd3 dxc4 12. Bxc4 Nd5 13. Bg3 Nxc3 14. bxc3 b5 15.
axb5 a4 16. Qa2 cxb5 17. Bxb5 Qa5 18. Qb2 a3 19. Qb3 Ra7 20. O-O Ba6 21. Bxa6
Rxa6 22. c4 a2 23. Ra1 Qb4 24. Qc2 Rea8 25. c5 Ra3 26. Rfc1 Nb8 27. c6 R3a6 28.
c7 Nc6 29. Ne5 1-0

[Event "XtraCon-Skakligaen"]
[Site "Denmark"]
[Date "2011.03.12"]
[Round "8.7"]
[White "Borbjerggaard, Lars"]
[Black "Jensen, Bjarke"]
[Result "1-0"]
[WhiteElo "2338"]
[BlackElo "2258"]
[PlyCount "79"]
[EventDate "2010.11.06"]
[EventType "team-tourn"]
[EventRounds "9"]
[WhiteTeam "Sydostfyn"]
[BlackTeam "Jetsmark"]
[WhiteTeamCountry "DEN"]
[BlackTeamCountry "DEN"]

1. d4 Nf6 2. Bg5 c5 3. Bxf6 gxf6 4. d5 Qb6 5. Qc1 f5 6. e3 Bg7 7. c3 d6 8. Nd2
Nd7 9. Nc4 Qc7 10. a4 Nf6 11. Qd2 O-O 12. Nh3 Rd8 13. g3 e6 14. Nf4 exd5 15.
Nxd5 Nxd5 16. Qxd5 Be6 17. Qd3 d5 18. Nd2 d4 19. exd4 Re8 20. Be2 c4 21. Qf3
Bh6 22. Rd1 Bd7 23. Qh5 Re6 24. d5 Rg6 25. O-O Bxa4 26. Ra1 Bd7 27. Nxc4 Bg7
28. Ne3 f4 29. Nf5 Bxf5 30. Qxf5 fxg3 31. fxg3 Re8 32. Bd3 Re3 33. Rae1 Rexg3+
34. Kh1 Rh6 35. d6 Qc6+ 36. Be4 Rxh2+ 37. Kxh2 Qxd6 38. Qxf7+ Kh8 39. Qe8+ Bf8
40. Qxf8+ 1-0

[Event "XtraCon-Skakligaen"]
[Site "Denmark"]
[Date "2011.03.12"]
[Round "8.8"]
[White "Rathlev, Jakob"]
[Black "Nordenbaek, Jan"]
[Result "1-0"]
[WhiteElo "2258"]
[BlackElo "2271"]
[PlyCount "117"]
[EventDate "2010.11.06"]
[EventType "team-tourn"]
[EventRounds "9"]
[WhiteTeam "Jetsmark"]
[BlackTeam "Sydostfyn"]
[WhiteTeamCountry "DEN"]
[BlackTeamCountry "DEN"]

1. Nf3 d5 2. d4 Nf6 3. Bf4 c5 4. e3 Nc6 5. c3 e6 6. Nbd2 Be7 7. Bd3 Qb6 8. Rb1
h6 9. Ne5 cxd4 10. exd4 Nxe5 11. dxe5 Nd7 12. O-O Nc5 13. Bc2 Bd7 14. b4 Na6
15. Be3 Qc7 16. Bd4 Rc8 17. Bd3 Nb8 18. b5 Bc5 19. Nb3 b6 20. Qe2 O-O 21. f4 f6
22. exf6 Bxd4+ 23. cxd4 Rxf6 24. Rbc1 Qd6 25. Rxc8+ Bxc8 26. Rc1 Bb7 27. Qe5
Qxe5 28. fxe5 Rf7 29. a4 a5 30. bxa6 Bxa6 31. Bxa6 Nxa6 32. Rc6 Nb4 33. Rxb6
Nc2 34. a5 Ne3 35. h3 Rf1+ 36. Kh2 Rd1 37. a6 Nf1+ 38. Kg1 Nd2+ 39. Kf2 Nxb3
40. Rxb3 Ra1 41. Rb6 Kf7 42. Rb7+ Kg6 43. a7 Kf5 44. Rxg7 Ke4 45. Rg4+ Kd3 46.
Rg6 Kxd4 47. Rxe6 Rxa7 48. Kf3 Ra1 49. g4 Rf1+ 50. Kg3 Re1 51. Kh4 Rxe5 52.
Rxh6 Ke4 53. Ra6 Kf4 54. Rf6+ Ke4 55. g5 d4 56. g6 Re8 57. Kg5 d3 58. Rd6 Re5+
59. Kh6 1-0

[Event "XtraCon-Skakligaen"]
[Site "Denmark"]
[Date "2011.03.12"]
[Round "8.1"]
[White "Hector, Jonny"]
[Black "Andreasen, Per Naesby"]
[Result "1-0"]
[WhiteElo "2576"]
[BlackElo "2239"]
[PlyCount "83"]
[EventDate "2010.11.06"]
[EventType "team-tourn"]
[EventRounds "9"]
[WhiteTeam "Nordkalotten"]
[BlackTeam "Norresundby"]
[WhiteTeamCountry "DEN"]
[BlackTeamCountry "DEN"]

1. e4 g6 2. d4 Bg7 3. Nc3 d6 4. f4 Nc6 5. Be3 Nf6 6. h3 O-O 7. g4 e5 8. dxe5
dxe5 9. f5 gxf5 10. exf5 Qe7 11. Qe2 Rd8 12. Rd1 Rxd1+ 13. Kxd1 Nb4 14. Bg2 c6
15. Bd2 b6 16. Qf2 Nfd5 17. Ne4 Nxa2 18. Ne2 Ba6 19. N2g3 Rd8 20. Bf1 Bxf1 21.
Rxf1 Qb4 22. Ke2 Qxb2 23. Kf3 Nac3 24. Bxc3 Nxc3 25. f6 Nxe4 26. Nxe4 Bf8 27.
Kg2 Rd4 28. Re1 Qb5 29. Qf5 Qd5 30. Kg3 Qd7 31. Qg5+ Kh8 32. Qxe5 h6 33. Kh4
Rd5 34. Qf4 Rd1 35. Re3 Rd4 36. c3 Rd3 37. Re2 Kg8 38. Ng3 Qd5 39. Nf5 Qh1 40.
Nxh6+ Bxh6 41. Re8+ Kh7 42. Qf5# 1-0